| 000 | 00816cam a22002655a 4500 | ||
|---|---|---|---|
| 001 | 008112522 | ||
| 005 | 20180621120235.0 | ||
| 008 | 850729s1984 enka fr 001 0 eng d | ||
| 020 | _a085038771X | ||
| 020 | _a9780850387711 | ||
| 040 |
_aUk _cUk _beng _dEG-ScBUE |
||
| 043 | _ae-uk--- | ||
| 082 | 0 | 4 |
_a658.8480941 _222 _bDES |
| 100 | 1 | _aDeschampsneufs, Henry. | |
| 245 | 1 | 0 |
_aExport for the small business / _cHenry Deschampsneufs. |
| 260 |
_aLondon : _bKogan Page, _c1984. |
||
| 300 |
_a184 p. : _bill. ; _c23 cm. |
||
| 500 | _aIncludes index. | ||
| 650 | 7 |
_aExport marketing _zGreat Britain. _2BUEsh |
|
| 650 | 7 |
_aSmall business _zGreat Britain _2BUEsh _929545 |
|
| 651 | 7 |
_aGreat Britain _xCommerce. _2BUEsh |
|
| 653 |
_bBUSADM _cJune2018 |
||
| 690 | 7 |
_aManagement and Business Studies _2blcoll |
|
| 942 | _2ddc | ||
| 999 |
_c26797 _d26769 |
||